The banking system of Tunisia, 1956-1970 (Record no. 477128)

000 -LEADER
fixed length control field 00422cam a22001337a 4500
008 - FIXED-LENGTH DATA ELEMENTS--GENERAL INFORMATION
fixed length control field 180718b1972 xxu||||| |||| 00| 0 eng d
082 ## - DEWEY DECIMAL CLASSIFICATION NUMBER
Classification number T42x611 M859
100 ## - MAIN ENTRY--PERSONAL NAME
Personal name Mottura, Paolo
245 ## - TITLE STATEMENT
Title The banking system of Tunisia, 1956-1970
Statement of responsibility, etc. by Paolo Mottura
260 ## - PUBLICATION, DISTRIBUTION, ETC.
Place of publication, distribution, etc. Milan
Name of publisher, distributor, etc. Cassa di Risparmio delle provincie Lombarde
Date of publication, distribution, etc. 1972
300 ## - PHYSICAL DESCRIPTION
Extent 290p.
440 ## - SERIES STATEMENT/ADDED ENTRY--TITLE
Title Credit markets of Africe series, 4
650 ## - SUBJECT ADDED ENTRY--TOPICAL TERM
Topical term or geographic name entry element Banks - Tunisia
Holdings
Withdrawn status Lost status Damaged status Not for loan Permanent Location Current Location Date acquired Full call number Barcode Date last seen Price effective from Koha item type
        Indian Institute of Public Administration Indian Institute of Public Administration 2018-08-04 T42x611 M859 GR9512 2018-08-04 2018-08-04 GR

Powered by Koha